US States by Fast Food Preference - Statistics

General Stats
  • This quiz has been taken 166 times
  • The average score is 33 of 50
Answers on the Map
Answers color-coded by a green-red scale on the quiz's map according to % correct below.
 
Answer Stats
Answer % Correct
McDonald's
100%
McDonald's
100%
McDonald's
100%
McDonald's
100%
McDonald's
100%
McDonald's
100%
McDonald's
100%
McDonald's
100%
McDonald's
100%
McDonald's
100%
McDonald's
100%
McDonald's
100%
Wendy's
76%
In-N-Out
72%
In-N-Out
72%
In-N-Out
72%
In-N-Out
72%
Chick-Fil-A
68%
Chick-Fil-A
68%
Chick-Fil-A
68%
Chick-Fil-A
68%
Chick-Fil-A
68%
Chick-Fil-A
68%
Chick-Fil-A
68%
Chick-Fil-A
68%
Chick-Fil-A
68%
Chick-Fil-A
68%
Chick-Fil-A
68%
Chick-Fil-A
68%
Chick-Fil-A
68%
Chick-Fil-A
68%
Chick-Fil-A
68%
Chick-Fil-A
68%
Chick-Fil-A
68%
Chick-Fil-A
68%
Chick-Fil-A
68%
Chick-Fil-A
68%
Chick-Fil-A
68%
Taco Bell
68%
Sonic
43%
Carl's Jr
38%
White Castle
25%
Jack in the Box
23%
Panda Express
22%
Panda Express
22%
Panda Express
22%
Panda Express
22%
Panda Express
22%
Church's
7%
Charley's
2%
No matching quizzes found
Score Distribution
Percent of People with Each Score
Percentile by Number Answered
Your Score History
You have not taken this quiz